Lý luận văn hoá, văn nghệ Việt Nam : Nền tảng và phát triển

Nội dung giới thiệu các bài viết, bài phỏng vấn của tác giả về: Lý luận văn nghệ mácxít - nền tảng của hệ thống lý luận văn nghệ Việt Nam; đường lối văn nghệ của Đảng - Cơ sở để xây dựng nền lý luận văn nghệ Việt Nam; đường lo...

ver descrição completa

Na minha lista:
Detalhes bibliográficos
Autor principal: Nguyễn, Thế Kỷ
Formato: Livro
Idioma:Undetermined
Publicado em: Hà Nội Văn học 2019
Assuntos:
Tags: Adicionar Tag
Sem tags, seja o primeiro a adicionar uma tag!
Thư viện lưu trữ: Trung tâm Học liệu Trường Đại học Cần Thơ
LEADER 01079nam a2200205Ia 4500
001 CTU_233348
008 210402s9999 xx 000 0 und d
082 |a 306.09597 
082 |b K600 
100 |a Nguyễn, Thế Kỷ 
245 0 |a Lý luận văn hoá, văn nghệ Việt Nam : 
245 0 |b Nền tảng và phát triển 
245 0 |c Nguyễn Thế Kỷ 
260 |a Hà Nội 
260 |b Văn học 
260 |c 2019 
520 |a Nội dung giới thiệu các bài viết, bài phỏng vấn của tác giả về: Lý luận văn nghệ mácxít - nền tảng của hệ thống lý luận văn nghệ Việt Nam; đường lối văn nghệ của Đảng - Cơ sở để xây dựng nền lý luận văn nghệ Việt Nam; đường lối văn hoá, văn nghệ của Đảng thời kỳ đổi mới... 
650 |a Chuyên khảo văn hóa,Cultural monograph 
910 |b dqhieu 
980 |a Trung tâm Học liệu Trường Đại học Cần Thơ